| 000 | 00874cam a22002771 4500 | ||
|---|---|---|---|
| 001 | 4009 | ||
| 003 | BD-RjUL | ||
| 005 | 20211208233822.0 | ||
| 008 | 131221m19461945ncua b 001 0 eng | ||
| 035 | _a(BD-RjUL)4043 | ||
| 035 | _a(OCoLC)2863158 | ||
| 040 |
_aDLC _cODa _dOCoLC _dNcRS _dDLC _dBD-RjUL _beng |
||
| 041 | _aeng | ||
| 082 |
_a338.885 _bHEI |
||
| 100 | 1 |
_aHexner, Ervin Paul, _d1893-1968. _912765 |
|
| 245 | 1 | 0 |
_aInternational cartels, _cby Ervin Hexner, with the collaboration of Adelaide Walters. |
| 260 |
_aChapel Hill, _bUniversity of North Carolina Press _c1946. |
||
| 300 |
_axiv, 555 p. : _bdiagrs. (1 fold.) , _c24 cm. |
||
| 500 | _aErratum slip inserted. | ||
| 504 | _aBibliographical foot-notes. | ||
| 650 | 0 |
_aTrusts, Industrial. _912766 |
|
| 700 | 1 |
_aWalters, Adelaide. _912767 |
|
| 942 |
_2ddc _cBK |
||
| 999 |
_c4009 _d4009 |
||